| 000 | 01054cam a22003377a 4500 | ||
|---|---|---|---|
| 003 | CHAP | ||
| 005 | 20220817044027.0 | ||
| 008 | 050527d2000 us a r 00110 eng d | ||
| 010 | _a90348 | ||
| 011 | _a91320 | ||
| 020 | _a1560229012 | ||
| 035 | _a101878 | ||
| 040 | _cCHAP | ||
| 082 | 0 | 4 |
_a635 _bD5 |
| 100 | 0 | 0 |
_aDoijode, S.D. _933712 |
| 245 | 1 | 0 |
_aSeed storage of horticultural crops _c/by S.D. Doijode |
| 260 |
_aNew York : _bFood Products Press, _c2001. |
||
| 300 |
_a339 p. : _bilus. |
||
| 590 |
_aBATCH-UPD _b10 _c20130110 _lUCH01 _h0803 |
||
| 590 |
_aBATCH-UPD _b10 _c20130410 _lUCH01 _h0441 |
||
| 590 |
_aBATCH-UPD _b10 _c20130914 _lUCH01 _h1218 |
||
| 590 |
_aCONVERSION _b10 _c20130109 _lUCH01 _h1350 |
||
| 650 | 0 | 4 |
_aFruticultura _xTrĂ³picos. _943755 |
| 650 | 0 | 4 |
_aHorticultura. _956291 |
| 650 | 0 | 4 | _aPlantas ornamentales. |
| 650 | 0 | 4 |
_aSemillas _xAlmacenamiento. _9103875 |
| 901 | _aBK | ||
| 905 | _aAlejandra Carrasco M. | ||
| 942 | _cLIBRO | ||
| 949 |
_a635 D5 _bBC _cLIBRO _d33724000951281 _eLIBRO _h105688 _i101878 _kI. 00224338 _si _t$ 1 167.00 |
||
| 999 |
_c90348 _d90348 |
||